000 01310nam a2200325 a 4500
001 000020535
003 DO-SdBNP
005 20211006112406.0
008 100810s1997 dr r 000 0 spa d
040 _aDO-SdBNP
_bspa
_cBPMSU
082 _a338.642
_bM981c 1997
_222
100 1 _aMurray, Gerald F.
_d1942-2021
245 1 3 _aEl colmado :
_buna exploración antropológica del negocio de comidas y bebidas en la República Dominicana /
_cGerald F. Murray.
246 1 4 _aEl colmado :
_buna investigación antropólogica
250 _a2a. ed.
260 _aSanto Domingo :
_bFONDOMICRO,
_c1997.
300 _a379 p. ;
_c23 cm.
_b
500 _aIncluye referencias bibliográficas y notas al pie de las páginas.
504 _aBibliografía : p. 375-379
590 _aInventariado, 2021/VM
650 4 _aAhorro e inversión
_zRepública Dominicana.
_x
650 4 _aComercialización de alimentos
_zRepública Dominicana
_x
650 4 _aMicroempresas
_xFinanciación
_zRepública Dominicana.
650 4 _aNegocios
_zRepública Dominicana
700 1 _aCanals, Jeannette,
_eed.
710 2 _aFondo para el Financiamiento de la Microempresa (República Dominicana)
852 _ahttp://www.fondomicro.org/serve/listfile_download.aspx?id=872&num=1
910 _aVMateo V.
942 _2ddc
_cBK
999 _c13767
_d13767